| 000 | 00855nam a2200217 a 4500 | ||
|---|---|---|---|
| 003 | 0 | ||
| 005 | 20250415133141.0 | ||
| 008 | 970101s19uu xx 00 eng d | ||
| 050 |
_aPGS PN 1992.8.C36 _b.C539 2004 |
||
| 100 | _aChing, Charles Miguel Gan. | ||
| 245 |
_aThe effect of watching cartoons to selected students from grade 3 to 6 of SISC / _cCharles Miguel Gan Ching. |
||
| 260 |
_aLas Piñas City, Philippines : _bSouthville International School and Colleges, _c2004. |
||
| 300 |
_a27 pages : _billustrations ; _c28 cm. |
||
| 504 | _aIncludes bibliographical references. | ||
| 650 | _aCartoons and children. | ||
| 650 | _aTelevision and children. | ||
| 650 |
_aChildren _vEffect of television on. |
||
| 650 |
_aCartoon films _vPsychological aspects. |
||
| 650 |
_aAcademic achievement— _vInfluence of television. |
||
| 942 |
_2lcc _cPASS |
||
| 999 |
_c96964 _d96964 |
||